Responses for show #6326 - Monday, March 5, 2012

David Gard game 2.

Contestants

[<< previous game]

Tony Grey, a purchasing distributor from Los Angeles, California

Nina Stanton, a specialist for the national center on tribal childcare from Louisville, Kentucky

David Gard, a retail horticulturist from Jamaica Plain, Massachusetts (whose 1-day cash winnings total $29,300)

[next game >>]

Jeopardy! Round responses

WHERE AM I?
SHRINKING YOUR TV
SEAFOOD
CHESS ME, YOU FOOL!
CIVIL WAR SLANG
LESSER-KNOWN DWARF"S"
(Alex: The unknown, despicable dwarfs. And each one of them has a name that begins with the letter S.)
    $200 16
Normandy

Tony
    $200 6
Frasier Crane

Tony
    $200 1
(David: What is ahi-ahi?)

mahi-mahi

DavidTony
    $200 22
32

David
    $200 13
bacon

Tony
    $200 2
Surly

Tony
    $400 18
Toronto

David
    $400 7
The Sopranos

David
    $400 8
squid

David
    $400 23
the queen

David
    $400 3
Salty

Tony
    $600 19
The Hague

David
    $600 10
Bob Newhart

Tony
    $600 9
shrimp

Tony
    $600 24
kibbitz

David
    $600 4
Sleazy

Triple Stumper
    $1,400 20
(David: I don't know.)

Lisbon

David
    $800 11
(Tony: What is Intervention?)

In Treatment

NinaTony
    $800 15
trout

Nina
    $800 25
castling

David
    $800 28
[End-of-round signal sounds.]

cider

Tony
    $800 5
Sneaky

Nina
    $1000 21
(David: What is Mexico?)

Ecuador

David
Triple Stumper
    $1000 12
Arrested Development

Nina
    $1000 17
swordfish

Triple Stumper
    $1000 26
(Tony: What is a sacrifice?)

the opening gambit

Tony
Triple Stumper
    $1000 27
Yellowhammers

Triple Stumper
    $1000 14
Slovenly

David

Scores at the first commercial break (after clue 15):

David Nina Tony
$1,600 $3,400 $1,600

Scores at the end of the Jeopardy! Round:

David Nina Tony
$2,200 $3,400 $1,600

Double Jeopardy! Round responses

NEW TO THE OED
SECONDS
"A" IN CHEMISTRY
ESSAYS
SUPERMODELS
PRETTY GOOD MODELS
    $400 1
sub-prime loans

Nina
    $400 9
Brigham Young

David
    $400 3
acid rain

Triple Stumper
    $400 18
(Nina: What is ink?)

tea

DavidNina
    $400 7
(Naomi) Campbell

David
    $400 26
(David: What is a computer?)

a printer

DavidTony
    $800 2
whoop

David
    $800 10
chemistry

Tony
    $800 4
arsenic

David
    $800 19
Helen Keller

Nina
    $800 12
cheekbones

Tony
    $1200 11
turducken

Nina
    $1200 15
Anne Boleyn

David
    $1200 5
antifreeze

David
    $1200 20
Pennsylvania

Tony
    $1200 24
(Teen) Vogue

Tony
    $1600 13
the plus-one

Nina
    $1600 16
K2

David
    $1600 6
amorphous

Nina
    $1600 21
(E.B.) White

Tony
    $1600 23
photographer

Triple Stumper
    $1600 28
[End-of-round signal sounds.]

the Radarange

David
    $3,000 14
(Nina: [shakes head])

a super-bug

Nina
    $2000 17
(David: Who is Francis Bacon?)
(Nina: Who is Marco Polo?)

Francis Drake

DavidNina
Triple Stumper
    $2000 8
absolute

David
    $3,000 22
(Tony: What is "On Civil Disobedience"?)

"Self-Reliance"

Tony
    $2000 25
giving birth

David
    $2000 27
Fender

David

Scores at the end of the Double Jeopardy! Round:

David Nina Tony
$14,200 $3,600 $4,600
(lock game)

[wagering suggestions for these scores]

Final Jeopardy! Round responses

CIVILIZATIONS
NinaWhat is Macedonia?
$3,595
TonyWhat is Macedonia?
$3,000
DavidWhat was Greece?
$4,900
Macedonia

Final scores:

David Nina Tony
$9,300 $7,195 $7,600
2-day champion: $38,600 3rd place: $1,000 2nd place: $2,000

Game dynamics:

Coryat scores:

David Nina Tony
$15,600 $6,600 $7,600
21 R,
5 W
(including 1 DD)
9 R,
3 W
(including 1 DD)
15 R,
3 W
(including 1 DD)

Combined Coryat: $29,800

The J! Archive is created by fans, for fans. The Jeopardy! game show and all elements thereof, including but not limited to copyright and trademark thereto, are the property of Jeopardy Productions, Inc. and are protected under law. This website is not affiliated with, sponsored by, or operated by Jeopardy Productions, Inc. Join the discussion at JBoard.tv.